01096 2200325 4500001002100000005001500021035002000036008004100056100001700097245012100114300003700235020002200272082001300294084002200307090001200329250001500341264003600356336002100392337003000413338002300443490002600466520009500492650004200587700002500629700003700654700002900691990001800720990001600738990001600754INLIS00000000001757920240827092542 a0010-0619017579240827 b 1 ind  aEka Wardhana1 aAku bisa pakai baju sendiri /cEka Wardhana, Ali Muakhir; penyunting, Ana Puspita Dewiyana; ilustrator, Ade Prihatna a28 halaman :bilustrasi ;c18 cm a978-979-26-9350-8 a899.2213 aSR 899.2213 EKA a 99.221.3 aCetakan 12 aBandung :bPelangi Mizan,c2022 2rdacontentaTeks 2rdamediaaTanpa perantara 2rdacarrieraVolume aHalo balita selp help abuku ini berguna bagi orangtua yang sedang melatih anaknya untuk bisa memakai baju sendiri 4aFiksi Indonesia -- Bacaan kanak-kanak0 aAli Muakhirepenulis0 aAna Puspita Dewiyanaepenyunting0 aAde Prihatnaepenyunting a022238.036405 a53252.66072 a53253.66073